| 000 | 01498cam a2200349 i 4500 | ||
|---|---|---|---|
| 999 |
_c41420 _d41420 |
||
| 001 | 18405694 | ||
| 003 | OSt | ||
| 005 | 20220106133728.0 | ||
| 008 | 141215s2015 enk b 001 0 eng | ||
| 010 | _a 2014047946 | ||
| 020 | _a9781118469118 (cloth) | ||
| 020 | _a9781118469583 (pbk.) | ||
| 040 |
_aDLC _beng _cDLC _erda _dDLC |
||
| 042 | _apcc | ||
| 050 | 0 | 0 |
_aHV8073 _b.F572 2015 |
| 082 | 0 | 0 |
_a363.258 _223 _bVAL/F |
| 245 | 0 | 0 |
_aForensic facial identification : _btheory and practice of identification from eyewitnesses, composites and CCTV / _cedited by Tim Valentine, Goldsmiths, University of London Josh P. Davis, University of Greenwich. |
| 264 | 1 |
_aChichester, West Sussex ; _aMalden, MA : _bWILEY Blackwell, _c2015. |
|
| 300 |
_axvii, 354 pages ; _c24 cm. |
||
| 336 |
_atext _2rdacontent |
||
| 337 |
_aunmediated _2rdamedia |
||
| 338 |
_avolume _2rdacarrier |
||
| 504 | _aIncludes bibliographical references and index. | ||
| 650 | 0 | _aEyewitness identification. | |
| 650 | 0 | _aFace perception. | |
| 700 | 1 |
_aValentine, Tim, _d1959- _98983 |
|
| 700 | 1 | _aDavis, Josh P. | |
| 776 | 0 | 8 |
_iOnline version: _tForensic facial identification _dChichester, West Sussex ; Malden, MA : John Wiley & Sons Inc., 2015 _z9781118469569 _w(DLC) 2014048913 |
| 906 |
_a7 _bcbc _corignew _d1 _eecip _f20 _gy-gencatlg |
||
| 942 |
_2ddc _cBK _h363.258 _iVAL/F _k363.258 _mVAL/F |
||